[Event "66.Semifinale Camp. Italiano"]
[Site "Cortina d'Ampezzo ITA"]
[Date "2006.07.13"]
[Round "6.15"]
[White "Facchetti, Gianni"]
[Black "Piva, Giorgio"]
[Result "1/2-1/2"]
[WhiteElo "2133"]
[BlackElo "2129"]
[Annotator "Gabriele Ballarin"]
[PlyCount "179"]
[EventDate "2006.07.09"]
[EventType "swiss"]
[EventRounds "9"]
[EventCountry "ITA"]

1. e4 c5 2. Nf3 d6 3. d4 cxd4 4. Qxd4 a6 5. Be3 Nc6 6. Qd2 Nf6 7. Nc3 Qa5 8. Nd5 Qxd2+ 9. Bxd2 Nxd5 10. exd5 Ne5 11. Nxe5 dxe5 12. Bc3 f6 13. Bc4 g6 14. O-O-O Bh6+ 15. Kb1 b5 16. Bb3 a5 17. a4 b4 18. Bd2 Bxd2 19. Rxd2 Bd7 20. Re1 g5 21. d6 Ra6 22. dxe7 Kxe7 23. Red1 Be6 24. Bxe6 Kxe6 25. Rd7 h5 26. Rc7 Rb8 27. Rdd7 Rbb6 28. Kc1 Rd6 29. Rxd6+ Rxd6 30. c3 bxc3 31. Rxc3 e4 32. f3 f5 33. fxe4 fxe4 34. Rc8 Rd5 35. Kc2 Ke5 36. Kc3 Kf4 37. Rc4 h4 38. b4 Rd3+ 39. Kc2 axb4 40. Rxb4 h3 41. g3+ Kf3 42. a5 Ra3 43. Rb3+ Rxb3 44. Kxb3 e3 45. a6 e2 46. a7 e1=Q 47. a8=Q+ Qe4 48. Qd8 Qe3+ 49. Ka4 Kg2 50. Qd1 Kxh2 51. g4 Kg3 52. Ka5 Qf3 53. Qg1+ Kh4 54. Ka6 Qxg4 55. Qe1+ Qg3 56. Qe4+ Qf4 57. Qe1+ Kg4 58. Qe6+ Qf5 59. Qe2+ Kh4 60. Qe1+ Kh5 61. Ka7 Qc5+ 62. Ka8 Qd5+ 63. Ka7 Qf7+ 64. Ka8 g4 65. Qe5+ Kh4 66. Qe1+ g3 67. Qe4+ Kg5 68. Qe5+ Kg4 69. Qe4+ Qf4 70. Qe6+ Qf5 71. Qc4+ Kg5 72. Qc1+ Qf4 73. Qc5+ Kg4 74. Qc8+ Kf3 75. Qxh3 Kf2 76. Qc8 Qe4+ 77. Kb8 g2 78. Qc5+ Kg3 79. Qg5+ Kf3 80. Qh5+ Ke3 81. Qc5+ Kf4 82. Qf2+ Kg5 83. Qg3+ Kf6 84. Qf2+ Kg7 85. Qg3+ Qg6 86. Qe5+ Kg8 87. Qd5+ Kh8 88. Qe5+ Qg7 89. Qh5+ Kg8 90. Qd5+ 1/2-1/2

[Event "66.Semifinale Camp. Italiano"]
[Site "Cortina d'Ampezzo ITA"]
[Date "2006.07.13"]
[Round "6.16"]
[White "Luciani, Valerio"]
[Black "Ricci, Marco"]
[Result "1-0"]
[WhiteElo "2232"]
[BlackElo "2150"]
[Annotator "Gabriele Ballarin"]
[PlyCount "153"]
[EventDate "2006.07.09"]
[EventType "swiss"]
[EventRounds "9"]
[EventCountry "ITA"]

1. d4 Nf6 2. c4 e6 3. Nc3 Bb4 4. a3 Bxc3+ 5. bxc3 b6 6. f3 d5 7. cxd5 exd5 8. e3 O-O 9. Bd3 Ba6 10. Bxa6 Nxa6 11. Qd3 Qc8 12. Ne2 c5 13. Bd2 Nc7 14. O-O Qa6 15. Qxa6 Nxa6 16. Kf2 Nc7 17. a4 Ne6 18. Rfb1 Rab8 19. Ra2 Rfc8 20. Nc1 cxd4 21. cxd4 Rc4 22. Nd3 Rbc8 23. Rbb2 Nd7 24. Ke2 Re8 25. Kd1 Rec8 26. a5 Rb8 27. axb6 axb6 28. Nb4 Nc7 29. Ra7 Nf6 30. Nd3 Nd7 31. Be1 f6 32. Bg3 Rc8 33. Bxc7 R4xc7 34. Rxc7 Rxc7 35. Nf4 Kf7 36. Kd2 Rb7 37. Nxd5 Ke6 38. e4 Kd6 39. Kc3 Rb8 40. Ne3 Rc8+ 41. Kd3 Rc1 42. Nf5+ Kc6 43. Nxg7 b5 44. Rc2+ Rxc2 45. Kxc2 b4 46. Kb3 Kb5 47. Ne8 Nb8 48. Nc7+ Ka5 49. d5 Nd7 50. Ne6 Kb5 51. f4 h5 52. g3 Nb6 53. Nd4+ Kc5 54. Ne6+ Kb5 55. d6 Nd7 56. h3 Kc6 57. Kxb4 Kxd6 58. Ng7 Nc5 59. Ne8+ Kc6 60. Nxf6 h4 61. gxh4 Nd3+ 62. Kc4 Nxf4 63. Kd4 Kd6 64. e5+ Ke6 65. Ke4 Nxh3 66. Ng4 Ng1 67. Ne3 Nh3 68. Ng4 Ng1 69. Nf2 Ne2 70. Nd3 Nc3+ 71. Kf4 Kf7 72. Kf5 Nb5 73. e6+ Ke7 74. Nf4 Nd6+ 75. Kg6 Kf8 76. Nd5 Ne8 77. e7+ 1-0

[Event "66.Semifinale Camp. Italiano"]
[Site "Cortina d'Ampezzo ITA"]
[Date "2006.07.13"]
[Round "6.17"]
[White "Pizzuto, Samuele Tullio"]
[Black "Campini, Marco"]
[Result "1-0"]
[WhiteElo "2201"]
[BlackElo "2100"]
[Annotator "Gabriele Ballarin"]
[PlyCount "91"]
[EventDate "2006.07.09"]
[EventType "swiss"]
[EventRounds "9"]
[EventCountry "ITA"]

1. d4 d6 2. Nc3 Nd7 3. e4 e5 4. Nf3 Be7 5. Bc4 c6 6. a4 Ngf6 7. O-O h6 8. a5 g5 9. dxe5 dxe5 10. Bxg5 hxg5 11. Nxg5 O-O 12. Qf3 Nc5 13. Qg3 Ng4 14. Nf3 Kh7 15. h3 Nh6 16. Qxe5 Rg8 17. Qh5 Ne6 18. Ne2 Ng7 19. Qe5 Bf6 20. Qh2 Nh5 21. Kh1 Bxb2 22. Rab1 Bh8 23. a6 b5 24. Bd3 Re8 25. e5+ Kg8 26. Nf4 Nxf4 27. Qxf4 Bg7 28. g4 f6 29. Qe4 fxe5 30. Qxc6 Be6 31. Rxb5 Qf6 32. Qe4 Nf7 33. g5 Nxg5 34. Nxg5 Qxg5 35. Rg1 Qh6 36. h4 Rab8 37. Rxe5 Bf7 38. Rxe8+ Rxe8 39. Qg4 Bd5+ 40. Kh2 Kh8 41. f4 Bf6 42. h5 Bd4 43. Rf1 Rg8 44. Bg6 Bf7 45. f5 Bd5 46. Qxd4+ 1-0

[Event "66.Semifinale Camp. Italiano"]
[Site "Cortina d'Ampezzo ITA"]
[Date "2006.07.13"]
[Round "6.18"]
[White "Puzzoni, Christian"]
[Black "Fontana, Enrico"]
[Result "1-0"]
[WhiteElo "2066"]
[BlackElo "2122"]
[Annotator "Gabriele Ballarin"]
[PlyCount "121"]
[EventDate "2006.07.09"]
[EventType "swiss"]
[EventRounds "9"]
[EventCountry "ITA"]

1. e4 c5 2. b4 cxb4 3. a3 d5 4. e5 Nc6 5. d4 Qb6 6. Ne2 e6 7. axb4 Bxb4+ 8. c3 Bf8 9. Ng3 g6 10. h4 h5 11. Bd3 Bd7 12. Na3 Na5 13. Rb1 Qc7 14. O-O a6 15. Ne2 Bh6 16. Qc2 Ne7 17. Bxh6 Rxh6 18. Qd2 Rh8 19. Qg5 Nf5 20. Ng3 Qd8 21. Nxf5 exf5 22. Qg3 Be6 23. Rb4 b5 24. Nb1 Nc4 25. Rd1 Kf8 26. Bxc4 bxc4 27. Nd2 Ra7 28. Rdb1 Qe7 29. Qe3 Kg7 30. Nf3 Rd8 31. Rb6 Rdd7 32. Qc1 a5 33. R1b5 a4 34. Qb2 a3 35. Qa2 Ra4 36. Ng5 Rda7 37. f4 R4a5 38. Rb4 Ra4 39. g3 Rxb4 40. Rxb4 Qc7 41. Nf3 Qc6 42. Ne1 Ra4 43. Rb1 Ra7 44. Kf2 Bd7 45. Nc2 Qa8 46. Ra1 Ba4 47. Qxa3 Qb7 48. Nb4 Ra8 49. Ke3 Qc8 50. Qb2 Bb3 51. Ra3 Ra4 52. Qa1 Qd7 53. Rxa4 Bxa4 54. Qa3 f6 55. exf6+ Kxf6 56. Kd2 Bb3 57. Qa8 Kg7 58. Qxd5 Qa7 59. Qe5+ Kh7 60. Nd5 Qa2+ 61. Ke3 1-0

[Event "66.Semifinale Camp. Italiano"]
[Site "Cortina d'Ampezzo ITA"]
[Date "2006.07.13"]
[Round "6.19"]
[White "Astengo, Corrado"]
[Black "Laghetti, Gaetano"]
[Result "1-0"]
[WhiteElo "2119"]
[BlackElo "1972"]
[Annotator "Gabriele Ballarin"]
[PlyCount "51"]
[EventDate "2006.07.09"]
[EventType "swiss"]
[EventRounds "9"]
[EventCountry "ITA"]

1. e4 c5 2. Nf3 d6 3. d4 cxd4 4. Nxd4 Nf6 5. Nc3 a6 6. Bg5 e6 7. f4 Qb6 8. Nb3 Be7 9. Qf3 Nbd7 10. O-O-O Qc7 11. Bd3 b5 12. a3 Bb7 13. Rhe1 Rc8 14. Qe2 h6 15. Bxf6 Nxf6 16. Nd4 O-O 17. Kb1 d5 18. e5 Nd7 19. f5 Bc5 20. fxe6 Bxd4 21. exd7 Rcd8 22. e6 fxe6 23. Qxe6+ Rf7 24. Bg6 Rdxd7 25. Bxf7+ Rxf7 26. Rxd4 1-0

[Event "66.Semifinale Camp. Italiano"]
[Site "Cortina d'Ampezzo ITA"]
[Date "2006.07.13"]
[Round "6.20"]
[White "Frigieri, Fabrizio"]
[Black "Melotti, Dario"]
[Result "1-0"]
[WhiteElo "2098"]
[BlackElo "2116"]
[Annotator "Gabriele Ballarin"]
[PlyCount "29"]
[EventDate "2006.07.09"]
[EventType "swiss"]
[EventRounds "9"]
[EventCountry "ITA"]

1. e4 c5 2. Nf3 d6 3. d4 cxd4 4. Nxd4 Nf6 5. Nc3 a6 6. Bg5 e6 7. f4 Nbd7 8. Qf3 Qc7 9. O-O-O b5 10. Bd3 Bb7 11. Rhe1 b4 12. Nd5 exd5 13. exd5+ Kd8 14. Qe3 Bxd5 15. Qe8# 1-0

[Event "66.Semifinale Camp. Italiano"]
[Site "Cortina d'Ampezzo ITA"]
[Date "2006.07.13"]
[Round "6.21"]
[White "Astengo, Marcello"]
[Black "Gaspari, Mauro"]
[Result "1-0"]
[WhiteElo "2109"]
[BlackElo "1805"]
[Annotator "Gabriele Ballarin"]
[PlyCount "73"]
[EventDate "2006.07.09"]
[EventType "swiss"]
[EventRounds "9"]
[EventCountry "ITA"]

1. d4 Nf6 2. c4 g6 3. Nc3 Bg7 4. e4 d6 5. f3 O-O 6. Be3 e5 7. d5 Ne8 8. Bd3 f5 9. exf5 Bxf5 10. Ne4 Bxe4 11. Bxe4 Nd7 12. Nh3 Qh4+ 13. Bf2 Qe7 14. O-O b6 15. Rc1 Bh6 16. Rc3 Ng7 17. b4 a5 18. a3 Nf5 19. Re1 axb4 20. axb4 Qf6 21. c5 bxc5 22. bxc5 Nd4 23. cxd6 cxd6 24. Rc4 Rfc8 25. Rxc8+ Rxc8 26. f4 Bxf4 27. Qg4 Nf5 28. Nxf4 exf4 29. Qxf4 Ne5 {=} 30. g4 Qg7 31. gxf5 gxf5+ 32. Bg2 Rc4 33. Qxf5 Rg4 34. Qc8+ Qf8 35. Qe6+ Kh8 36. Rxe5 dxe5 37. Qxg4 1-0

[Event "66.Semifinale Camp. Italiano"]
[Site "Cortina d'Ampezzo ITA"]
[Date "2006.07.13"]
[Round "6.22"]
[White "Pomaro, Alberto"]
[Black "Alberton, Roberto"]
[Result "0-1"]
[WhiteElo "2046"]
[BlackElo "2128"]
[Annotator "Gabriele Ballarin"]
[PlyCount "92"]
[EventDate "2006.07.09"]
[EventType "swiss"]
[EventRounds "9"]
[EventCountry "ITA"]

1. d4 Nf6 2. c4 e6 3. Nf3 b6 4. g3 Bb7 5. Bg2 Be7 6. O-O O-O 7. Nc3 Ne4 8. Qc2 Nxc3 9. Qxc3 a5 10. b3 d6 11. Bb2 Be4 12. Nd2 Bxg2 13. Kxg2 d5 14. a3 Na6 15. e4 c6 16. Rac1 Rc8 17. Qd3 Nc7 18. f4 c5 19. cxd5 exd5 20. e5 f5 21. exf6 Bxf6 22. Nf3 Qd6 23. Ne5 Ne6 24. Rfd1 Rfd8 25. Re1 a4 26. bxa4 c4 27. Qf5 Re8 28. g4 Rf8 29. Nf7 Nxf4+ 30. Kf3 Kxf7 31. Qxf4 Qxf4+ 32. Kxf4 Kg8 33. Kg3 Bg5 34. Rc2 Bf4+ 35. Kg2 Rce8 36. Rce2 Rxe2+ 37. Rxe2 Kf7 38. h4 Bd6 39. Bc3 Re8 40. Rf2+ Ke6 41. Bb4 Ra8 42. Rb2 Rxa4 43. Bxd6 Kxd6 44. Rxb6+ Kc7 45. Rb5 Kc6 46. Rc5+ Kd6 0-1

[Event "66.Semifinale Camp. Italiano"]
[Site "Cortina d'Ampezzo ITA"]
[Date "2006.07.14"]
[Round "7.1"]
[White "Garcia Palermo, Carlos H"]
[Black "Genocchio, Daniele"]
[Result "1/2-1/2"]
[WhiteElo "2445"]
[BlackElo "2345"]
[Annotator "Gabriele Ballarin"]
[PlyCount "103"]
[EventDate "2006.07.09"]
[EventType "swiss"]
[EventRounds "9"]
[EventCountry "ITA"]

1. Nf3 g6 2. d4 Bg7 3. e4 d6 4. c3 Nf6 5. Bd3 O-O 6. O-O Nc6 7. Nbd2 e5 8. Re1 Nd7 9. Nb3 h6 10. Bb5 a5 11. a4 Re8 12. h3 Ncb8 13. dxe5 dxe5 14. Be3 c6 15. Bc4 Qc7 16. Nbd2 Na6 17. b4 axb4 18. cxb4 Nf8 19. b5 Nb8 20. Qb3 Ne6 21. b6 Qe7 22. a5 Na6 23. Qc3 Nec5 24. Rac1 Bf8 25. Rc2 Kh7 26. Bf1 f6 27. Rec1 Qf7 28. Qa1 Nb3 29. Nxb3 Qxb3 30. Nd2 Qa3 31. Qxa3 Bxa3 32. Ra1 Bb4 33. Nb3 Be6 34. Bxa6 Rxa6 35. Nc5 Bxc5 36. Rxc5 Rea8 37. Rd1 Kg7 38. Rd6 Kf7 39. Bd2 Ke7 40. Rd3 g5 41. Bb4 Kf7 42. g4 Rb8 43. Rc2 Rc8 44. Rcd2 c5 45. Bc3 Ke7 46. h4 Bxg4 47. hxg5 hxg5 48. f3 Be6 49. Rh2 Bg8 50. Rhd2 Be6 51. Rh2 Bg8 52. Rhd2 1/2-1/2

[Event "66.Semifinale Camp. Italiano"]
[Site "Cortina d'Ampezzo ITA"]
[Date "2006.07.14"]
[Round "7.3"]
[White "Piscopo, Pierluigi"]
[Black "Brunello, Sabino"]
[Result "1/2-1/2"]
[WhiteElo "2393"]
[BlackElo "2391"]
[Annotator "Gabriele Ballarin"]
[PlyCount "73"]
[EventDate "2006.07.09"]
[EventType "swiss"]
[EventRounds "9"]
[EventCountry "ITA"]

1. e4 e5 2. Nf3 Nc6 3. Bb5 a6 4. Ba4 Nf6 5. O-O Be7 6. Qe2 b5 7. Bb3 O-O 8. c3 d5 9. d3 dxe4 10. dxe4 Bb7 11. Rd1 Qe8 12. Nbd2 Bd6 13. Nf1 Ne7 14. Ng3 Nd7 15. Nh4 Nc5 16. Bc2 Ne6 17. Nhf5 Bc5 18. b4 Bb6 19. Nh5 Kh8 20. Rd3 f6 21. Bb3 Nxf5 22. exf5 Ng5 23. Bxg5 fxg5 24. Be6 Bc8 25. Bxc8 Rxc8 26. Ng3 e4 27. Qxe4 Qxe4 28. Nxe4 Rxf5 29. Rad1 Rff8 30. Rf3 Rxf3 31. gxf3 h6 32. Kg2 Kh7 33. a4 bxa4 34. Ra1 a5 35. bxa5 Bxa5 36. Rxa4 Bb6 37. Rc4 1/2-1/2

[Event "66.Semifinale Camp. Italiano"]
[Site "Cortina d'Ampezzo ITA"]
[Date "2006.07.14"]
[Round "7.4"]
[White "Franchini, Gabriele"]
[Black "Bruno, Fabio"]
[Result "0-1"]
[WhiteElo "2292"]
[BlackElo "2388"]
[Annotator "Gabriele Ballarin"]
[PlyCount "82"]
[EventDate "2006.07.09"]
[EventType "swiss"]
[EventRounds "9"]
[EventCountry "ITA"]

{[%evp 0,81,16,18,23,-22,-14,-16,-16,-27,-29,-51,-7,1,45,45,56,49,54,20,64,54,53,37,57,37,63,-4,-7,5,20,12,51,31,42,-1,-1,-1,2,3,10,-14,-7,9,17,-12,-32,-40,-40,-47,-49,-53,31,35,35,23,18,13,33,9,21,21,23,0,-19,-19,25,25,22,-68,-64,-128,-115,-144,-137,-147,-180,-163,-172,-172,-205,-205,-150,-169]} 1. d4 d5 2. c4 e6 3. Nc3 Nf6 4. cxd5 exd5 5. Bg5 c6 6. e3 Be7 7. Bd3 Nbd7 8. Nf3 O-O 9. Qc2 Re8 10. O-O h6 11. Bf4 Bf8 12. Rab1 a6 13. Ne5 Nxe5 14. Bxe5 Ng4 15. Bg3 h5 16. h3 h4 17. Bf4 g5 18. hxg4 gxf4 19. exf4 Qf6 20. Bf5 Bxf5 21. Qxf5 Qxf5 22. gxf5 Bd6 23. g4 Bxf4 24. Kg2 Kg7 25. Rh1 b5 26. Rxh4 b4 27. Na4 Re4 28. Rbh1 Kf6 29. Kf3 Rxd4 30. Nc5 Re8 31. Rh8 Rxh8 32. Rxh8 Bd6 33. Rh6+ Ke7 34. f6+ Kd8 35. Rh8+ Kc7 36. Nxa6+ Kb7 37. Rd8 Rf4+ 38. Ke3 Rxf6 39. Rxd6 Rxd6 40. Nxb4 Re6+ 41. Kf3 Kb6 0-1

[Event "66.Semifinale Camp. Italiano"]
[Site "Cortina d'Ampezzo ITA"]
[Date "2006.07.14"]
[Round "7.6"]
[White "Borgo, Giulio"]
[Black "Martorelli, Antonio"]
[Result "0-1"]
[WhiteElo "2414"]
[BlackElo "2264"]
[Annotator "Gabriele Ballarin"]
[PlyCount "75"]
[EventDate "2006.07.09"]
[EventType "swiss"]
[EventRounds "9"]
[EventCountry "ITA"]

1. Nf3 c5 2. c4 Nc6 3. d4 cxd4 4. Nxd4 Qb6 5. Nb3 Nf6 6. Nc3 e6 7. e3 Be7 8. Be2 O-O 9. O-O d6 10. e4 Qd8 11. Bf4 b6 12. Qd2 Bb7 13. Rfd1 Ne5 14. f3 a6 15. Qe3 Ng6 16. Bg3 Qc7 17. a4 Rab8 18. a5 bxa5 19. Nxa5 Ba8 20. c5 e5 21. Nc4 d5 22. b4 Rxb4 23. c6 dxc4 24. Nd5 Qxc6 25. Nxe7+ Nxe7 26. Bxe5 Ng6 27. Bd6 Rb3 28. Qa7 Rc8 29. Rd4 Rb2 30. Qxa6 Rb1+ 31. Kf2 Rxa1 32. Qxa1 c3 33. Rc4 Qb6+ 34. Kf1 Rd8 35. Bc7 Qb2 36. Qxb2 cxb2 37. Rb4 Rc8 38. Rxb2 {Nur} 0-1

[Event "66.Semifinale Camp. Italiano"]
[Site "Cortina d'Ampezzo ITA"]
[Date "2006.07.14"]
[Round "7.7"]
[White "Navarro, Stefano"]
[Black "Vezzosi, Paolo"]
[Result "0-1"]
[WhiteElo "2224"]
[BlackElo "2356"]
[Annotator "Gabriele Ballarin"]
[PlyCount "114"]
[EventDate "2006.07.09"]
[EventType "swiss"]
[EventRounds "9"]
[EventCountry "ITA"]

1. e4 c5 2. Nf3 Nc6 3. d4 cxd4 4. Nxd4 Qc7 5. Be3 Nf6 6. Nc3 e6 7. Be2 a6 8. O-O b5 9. Nxc6 dxc6 10. f4 b4 11. Na4 Nxe4 12. Bf3 Nd6 13. Bb6 Qb7 14. Qd4 Bd7 15. Rad1 Rb8 16. Bc5 Nf5 17. Qd2 Ne7 18. Bxb4 Nd5 19. Bxf8 Rxf8 20. c4 Qa7+ 21. c5 g6 22. Kh1 a5 23. Rfe1 Kd8 24. b3 Rb4 25. Bxd5 exd5 26. Nb6 Be6 27. Qc3 Rxf4 28. Qe5 Qc7 29. Qg5+ f6 30. Qh6 Re8 31. Rf1 Rxf1+ 32. Rxf1 Bf5 33. Qd2 Re4 34. Qxa5 Rh4 35. g3 Rd4 36. Qa8+ Ke7 37. Qg8 Qd8 38. Qxh7+ Ke6 39. Qh6 Qe7 40. Qc1 Kf7 41. Re1 Re4 42. Rxe4 Qxe4+ 43. Kg1 Qd4+ 44. Kf1 g5 45. Na4 Bd3+ 46. Ke1 Be4 47. Nc3 Qg1+ 48. Kd2 Qxh2+ 49. Ne2 Bf3 50. Qf1 g4 51. b4 Bxe2 52. Qxe2 Qxg3 53. b5 Qf4+ 54. Kd1 Qd4+ 55. Ke1 Qb4+ 56. Kf2 Qxc5+ 57. Kg3 cxb5 0-1

[Event "66.Semifinale Camp. Italiano"]
[Site "Cortina d'Ampezzo ITA"]
[Date "2006.07.14"]
[Round "7.8"]
[White "Mogranzini, Roberto"]
[Black "Rombaldoni, Axel"]
[Result "1-0"]
[WhiteElo "2353"]
[BlackElo "2169"]
[Annotator "Gabriele Ballarin"]
[PlyCount "102"]
[EventDate "2006.07.09"]
[EventType "swiss"]
[EventRounds "9"]
[EventCountry "ITA"]

1. e4 c5 2. Nf3 d6 3. Bb5+ Bd7 4. Bxd7+ Qxd7 5. O-O Nf6 6. Qe2 Nc6 7. Rd1 g6 8. c3 Qg4 9. d3 c4 10. Nbd2 cxd3 11. Qxd3 Ne5 12. Qb5+ Qd7 13. Qb3 Rd8 14. Nxe5 dxe5 15. Re1 Bg7 16. Nf3 Nh5 17. Bg5 O-O 18. Qa3 f6 19. Be3 b6 20. h3 Kh8 21. Rad1 Qxd1 22. Rxd1 Rxd1+ 23. Kh2 Rd7 24. Qa4 Rc7 25. g4 Nf4 26. Bxf4 exf4 27. Nd4 Rfc8 28. Ne6 Rc6 29. Nxf4 f5 30. Nd5 fxe4 31. Qxe4 Rf8 32. Kg2 e6 33. Ne3 Rd6 34. Nc4 Rdd8 35. a4 e5 36. Qe3 Rde8 37. Nd6 Re6 38. Ne4 Re7 39. Qd3 Rff7 40. Qd8+ Bf8 41. Qd5 h6 42. b4 Bg7 43. a5 bxa5 44. Qxa5 Rd7 45. Qb5 Kh7 46. Qe2 Rf4 47. c4 Rd4 48. f3 Bf8 49. Qa2 Rd7 50. c5 Rdf7 51. Qb3 Kg7 1-0

[Event "66.Semifinale Camp. Italiano"]
[Site "Cortina d'Ampezzo ITA"]
[Date "2006.07.14"]
[Round "7.9"]
[White "Satta, Vladimiro"]
[Black "Sbarra, Marco"]
[Result "1/2-1/2"]
[WhiteElo "2221"]
[BlackElo "2290"]
[Annotator "Gabriele Ballarin"]
[PlyCount "56"]
[EventDate "2006.07.09"]
[EventType "swiss"]
[EventRounds "9"]
[EventCountry "ITA"]

1. c4 e6 2. g3 d5 3. d4 c5 4. cxd5 exd5 5. Nf3 Nc6 6. Bg2 Nf6 7. O-O Be7 8. Nc3 O-O 9. Bg5 c4 10. Ne5 Be6 11. Nxc6 bxc6 12. b3 Qa5 13. Na4 Rac8 14. Qc2 c5 15. Nxc5 Bxc5 16. dxc5 Rxc5 17. Bxf6 gxf6 18. Rfd1 Rfc8 19. Rab1 cxb3 20. Qxb3 Rc3 21. Qb2 Kg7 22. Qd2 Qc5 23. Rb2 Rc1 24. h4 d4 25. Kh2 Rxd1 26. Qxd1 Qc3 27. Rd2 Rc4 28. Be4 Ra4 1/2-1/2

[Event "66.Semifinale Camp. Italiano"]
[Site "Cortina d'Ampezzo ITA"]
[Date "2006.07.14"]
[Round "7.10"]
[White "De Santis, Alessio"]
[Black "Pizzuto, Samuele Tullio"]
[Result "1-0"]
[WhiteElo "2337"]
[BlackElo "2201"]
[Annotator "Gabriele Ballarin"]
[PlyCount "83"]
[EventDate "2006.07.09"]
[EventType "swiss"]
[EventRounds "9"]
[EventCountry "ITA"]

1. d4 d5 2. c4 Nc6 3. cxd5 Qxd5 4. e3 e5 5. Nc3 Bb4 6. Bd2 Bxc3 7. Bxc3 exd4 8. Ne2 Nf6 9. Nxd4 O-O 10. Be2 Ne4 11. Nxc6 Qxc6 12. Bb4 Re8 13. O-O Qg6 14. Rc1 c6 15. Kh1 Qh6 16. Be1 Be6 17. b3 Rad8 18. Qc2 Nf6 19. Bc3 Bd5 20. Bd4 Re4 21. f4 b6 22. Bf3 Re6 23. Bxf6 Rxf6 24. e4 Be6 25. Rcd1 Rf8 26. f5 Bc8 27. Qd2 Qxd2 28. Rxd2 g6 29. g4 gxf5 30. exf5 h5 31. h3 hxg4 32. hxg4 Kg7 33. Kg2 Re8 34. Kg3 c5 35. a4 Re3 36. Kf4 Rxb3 37. Rd8 Ba6 38. Re1 Rd3 39. Ree8 Rd4+ 40. Rxd4 cxd4 41. g5 Rd6 42. f6+ 1-0

[Event "66.Semifinale Camp. Italiano"]
[Site "Cortina d'Ampezzo ITA"]
[Date "2006.07.14"]
[Round "7.11"]
[White "Bonafede, Alessandro"]
[Black "Guido, Flavio"]
[Result "0-1"]
[WhiteElo "2175"]
[BlackElo "2323"]
[Annotator "Gabriele Ballarin"]
[PlyCount "82"]
[EventDate "2006.07.09"]
[EventType "swiss"]
[EventRounds "9"]
[EventCountry "ITA"]

1. e4 c5 2. Nf3 e6 3. d4 cxd4 4. Nxd4 Nf6 5. Nc3 d6 6. g4 Nc6 7. g5 Nd7 8. Be3 a6 9. h4 Qc7 10. Qd2 Na5 11. f4 b5 12. O-O-O b4 13. Na4 Bb7 14. Bd3 Nc4 15. Bxc4 Qxc4 16. b3 Qc7 17. Qd3 Be7 18. h5 Nc5 19. Nxc5 dxc5 20. Qc4 Qb6 21. Nf3 a5 22. Qe2 Bxe4 23. Bxc5 Qb7 24. Ne5 Bxh1 25. Rd7 Qxd7 26. Nxd7 Kxd7 27. Bd4 f6 28. h6 gxh6 29. gxf6 Bd6 30. Qh5 Bxf4+ 31. Kb2 Bd5 32. Qf7+ Kc6 33. Qg7 Rhg8 34. Qxh7 a4 35. f7 a3+ 36. Kb1 Rg2 37. f8=Q Rxf8 38. Qa7 Bd6 39. Qa6+ Kd7 40. Qd3 Rd2 41. Qh7+ Kc6 0-1

[Event "66.Semifinale Camp. Italiano"]
[Site "Cortina d'Ampezzo ITA"]
[Date "2006.07.14"]
[Round "7.12"]
[White "Pechy, Alaster"]
[Black "Paglietti, Nicola"]
[Result "1-0"]
[WhiteElo "2169"]
[BlackElo "2293"]
[Annotator "Gabriele Ballarin"]
[PlyCount "83"]
[EventDate "2006.07.09"]
[EventType "swiss"]
[EventRounds "9"]
[EventCountry "ITA"]

1. Nf3 Nf6 2. c4 e6 3. g3 d5 4. d4 Be7 5. Bg2 O-O 6. O-O c6 7. Nc3 Na6 8. b3 Nc7 9. a4 a5 10. Re1 Bb4 11. Qc2 Ne4 12. Nxe4 dxe4 13. Qxe4 Bxe1 14. Nxe1 f5 15. Qe5 Rf7 16. Nf3 Qf6 17. Bg5 Qxe5 18. Nxe5 Rf8 19. Be7 Re8 20. Bd6 Na6 21. e3 Nb8 22. Bxb8 Rxb8 23. c5 Ra8 24. f4 Kf8 25. Rb1 Ke7 26. b4 axb4 27. Rxb4 Kd8 28. Kf2 Kc7 29. h4 Re7 30. g4 fxg4 31. Be4 Bd7 32. Nxg4 Be8 33. Ne5 Bh5 34. Bc2 Rf8 35. Rb1 h6 36. Bg6 Rf5 37. Bxf5 exf5 38. Nc4 Kb8 39. Nd6 Rd7 40. a5 Ka7 41. a6 Bg4 42. axb7 1-0

[Event "66.Semifinale Camp. Italiano"]
[Site "Cortina d'Ampezzo ITA"]
[Date "2006.07.14"]
[Round "7.13"]
[White "Brancaleoni, Maurizio"]
[Black "Puzzoni, Christian"]
[Result "1-0"]
[WhiteElo "2275"]
[BlackElo "2066"]
[Annotator "Gabriele Ballarin"]
[PlyCount "118"]
[EventDate "2006.07.09"]
[EventType "swiss"]
[EventRounds "9"]
[EventCountry "ITA"]

1. d4 Nf6 2. c4 c5 3. Nf3 cxd4 4. Nxd4 e5 5. Nb5 d5 6. cxd5 Bc5 7. e3 O-O 8. N5c3 e4 9. Be2 Bf5 10. g4 Bg6 11. h4 h5 12. g5 Nfd7 13. Bxh5 Ne5 14. Bxg6 Nd3+ 15. Kf1 fxg6 16. Nxe4 Qxd5 17. Nbc3 Qc4 18. Qb3 Qxb3 19. axb3 Nd7 20. Ke2 Nb4 21. Bd2 Rae8 22. h5 gxh5 23. Rxh5 Rf5 24. Rg1 Re6 25. Rh4 Be7 26. f4 Rf8 27. Rh2 Nc6 28. Rgh1 Rf5 29. Rh8+ Kf7 30. Rf1 g6 31. Rd1 b5 32. Bc1 Nb6 33. Rdh1 Bf8 34. Nf6 Bg7 35. Kf3 Bxh8 36. Rxh8 Rc5 37. Bd2 b4 38. Rh7+ Kf8 39. Nce4 Rc2 40. Ke2 Rxb2 41. Nc5 Re7 42. Rh8+ Kg7 43. Rh7+ Kf8 44. Rh6 Kf7 45. Rh7+ Kf8 46. Rh6 Nd4+ 47. Kd3 Nf5 48. Rh8+ Kf7 49. Rh7+ Kf8 50. Ncd7+ Nxd7 51. Nxd7+ Ke8 52. Nf6+ Kd8 53. Rh8+ Kc7 54. Nd5+ Kd7 55. e4 Rxd2+ 56. Kxd2 Rf7 57. exf5 Rxf5 58. Nf6+ Kc7 59. Rg8 Rxf4 1-0

[Event "66.Semifinale Camp. Italiano"]
[Site "Cortina d'Ampezzo ITA"]
[Date "2006.07.14"]
[Round "7.14"]
[White "Piva, Giorgio"]
[Black "Luciani, Valerio"]
[Result "0-1"]
[WhiteElo "2129"]
[BlackElo "2232"]
[Annotator "Gabriele Ballarin"]
[PlyCount "46"]
[EventDate "2006.07.09"]
[EventType "swiss"]
[EventRounds "9"]
[EventCountry "ITA"]

1. d4 f5 2. Bf4 d6 3. Nf3 Nf6 4. e3 g6 5. Nbd2 Bg7 6. Bc4 e6 7. c3 O-O 8. O-O Qe8 9. a4 Kh8 10. Qb3 Nc6 11. a5 h6 12. h4 Qe7 13. d5 exd5 14. Bxd5 Nxd5 15. Qxd5 a6 16. Qb3 Be6 17. Qa3 Rae8 18. Rac1 Kh7 19. c4 Bf6 20. Bg3 Qg7 21. Rb1 g5 22. b4 g4 23. Ne1 Bc3 0-1

[Event "66.Semifinale Camp. Italiano"]
[Site "Cortina d'Ampezzo ITA"]
[Date "2006.07.14"]
[Round "7.15"]
[White "Capata, Ion"]
[Black "Pantaleoni, Claudio"]
[Result "0-1"]
[WhiteElo "2110"]
[BlackElo "2222"]
[Annotator "Gabriele Ballarin"]
[PlyCount "86"]
[EventDate "2006.07.09"]
[EventType "swiss"]
[EventRounds "9"]
[EventCountry "ITA"]

1. e4 Nf6 2. Nc3 e5 3. Bc4 Nxe4 4. Bxf7+ Kxf7 5. Nxe4 d5 6. Nc3 Kg8 7. Qf3 Be6 8. d3 Nc6 9. a3 Qd7 10. Qd1 Bc5 11. f3 a6 12. Bg5 h6 13. Bh4 Kh7 14. Qd2 b5 15. Bf2 Nd4 16. Nce2 Rhe8 17. Nxd4 Bxd4 18. Bxd4 exd4 19. Ne2 c5 20. O-O Bf7 21. Rfe1 Re3 22. c3 Qf5 23. cxd4 Rxd3 24. Qc2 c4 25. Ng3 Qf4 26. Kh1 Bg6 27. Ne2 Qf6 28. Qc1 Re8 29. Nc3 Rxe1+ 30. Qxe1 Qxd4 31. h3 Rd2 32. Rd1 Rxd1 33. Nxd1 Qd3 34. Kg1 d4 35. Kf2 Qc2+ 36. Kg3 Qb1 37. Qd2 Qd3 38. Qxd3 Bxd3 39. Kf4 g5+ 40. Ke5 Be2 41. Nf2 c3 42. bxc3 dxc3 43. Ne4 c2 0-1